000 00913nas a2200313 4500
001 BR0201855
003 BR-BrBNA
005 20231205102849.0
007 ta
008 230509b bl.|||p| |||| 00| 00por d
040 _aBR-BrBNA
_bpor
_cBiblioteca Nacional de Agricultura
041 _a(Pt)
072 _aJ10
100 1 _aFreitas, R.A. de
100 1 _aDias, D.C.F. dos S.
100 1 _aCecon, P.R.
100 1 _aReis, M.S.
245 1 _aQualidade fisiológica e sanitária de sementes de algodão durante o armazenamento
650 _aALGODÃO
650 _aSEMENTE
650 _aARMAZENAMENTO
650 _aQUALIDADE
650 _aFISIOLOGIA VEGETAL
650 _aENVELHECIMENTO PRECOCE
650 _aFUNGO
773 0 _tRevista Brasileira de Sementes (Brazil)
_xISSN 0101-3122
_g(2000), v. 22(2) p. 94-101
_wBR0201855
909 _a202311
_bLúcia
_c55
_dLúcia Elande
942 _2AGRIS
_n0
_cANA
999 _c169772
_d169772